000 00567nam a2200193Ia 4500
005 20260114185713.0
008 008 260114s9999 xx 000 0 eng d
020 _a9781350392816
037 _aEBOOK
040 _aCRL
_beng
_cCRL
041 _aeng
_2eng
084 _qCRL
100 _aL szl¢ Kontler
_9873344
245 2 _aA History of Hungary Millennium in Central Europe
260 _bBloomsbury
_c2002
856 _uhttps://doi.org/10.5040/9781350392816?locatt=label:secondary_bloomsburyCollections
942 _cEBOOK
999 _c1472292
_d1472292